00746nam a22001937a 4500003000500000005001700005008004100022010001000063011001000073035001100083040000900094100003500103245014200138260003900280300001100319502015900330650003300489650003000522CHAP20220329143234.0070620d2003 uk r 00110 eng d a93772 a94744 a105341 cCHAP00aCamacho Villa, Tania Carolina.12aA survey of land races currently cultivated in the United Kingdom of Great Britain and northern irelandc/by Tania Carolina Camacho Villa aBirminghan, UK :bEl autor,c2003. a134 h. aTesis (Degree of Master of Science in Conservation and Utilisation of Plant Genetic Resources) - - University of Birminghan. School of Biological Sciences14aAgriculturazGran Bretaña.14aCultivosxGran Bretaña.